|
|
|
|
| LEADER |
01133nam a2200313 4500 |
| 001 |
DLU180185449 |
| 005 |
##20180606 |
| 040 |
# |
# |
|a DLU
|b vie
|
| 041 |
# |
# |
|a vie
|
| 044 |
# |
# |
|a vn
|
| 082 |
# |
# |
|a 959.704 1
|b TR-M
|
| 100 |
# |
# |
|a Trần Thị Mai.
|
| 245 |
# |
# |
|a Hậu phương Ninh Bình trong cuộc kháng chiến chống Pháp từ năm 1946 đến năm 1954 :
|b Luận văn Thạc sĩ Lịch sử Việt Nam /
|c Trần Thị Mai; Bùi Văn Hùng hướng dẫn.
|
| 260 |
# |
# |
|a Đà Lạt :
|b Trường Đại học Đà Lạt,
|c 2017.
|
| 300 |
# |
# |
|a 128 tr. :
|b minh họa;
|c 29 cm.
|
| 504 |
# |
# |
|a Tài liệu tham khảo: tr. 111-116.
|
| 650 |
# |
# |
|a Chiến tranh Đông Dương, 1946-1954.
|
| 651 |
# |
# |
|a Ninh Bình (Việt Nam)
|x Lịch sử
|y 1946-1954.
|
| 700 |
# |
# |
|a Bùi Văn Hùng,
|c TS.
|e hướng dẫn.
|
| 915 |
# |
# |
|a Lịch sử Việt Nam
|b 60220313
|c Thạc sĩ
|d Trường Đại học Đà Lạt
|e Bộ Giáo dục và Đào tạo.
|
| 992 |
# |
# |
|a 0
|
| 994 |
# |
# |
|a DLU
|
| 900 |
# |
# |
|a True
|
| 911 |
# |
# |
|a Nguyễn Thanh Hương
|
| 925 |
# |
# |
|a G
|
| 926 |
# |
# |
|a A
|
| 927 |
# |
# |
|a LA
|
| 980 |
# |
# |
|a Thư viện Trường Đại học Đà Lạt
|